| 000 | 00532nam a22001817a 4500 | ||
|---|---|---|---|
| 005 | 20251108170046.0 | ||
| 008 | 250721s9999 xx 000 0 ara d | ||
| 082 | 1 | 4 | _aط/ق/كام |
| 100 | 1 | _aكيلاني، كامل | |
| 245 | 1 | 0 | _aسفروت الحطاب / |
| 264 | 1 |
_aتونس : _bالشركة التونسية للتوزيع، _c[19-]. |
|
| 300 | _a20ص : رسومات | ||
| 490 | 0 | _aعجائب القصص | |
| 650 | 1 | 7 | _aأدب الأطفال |
| 650 | 1 | 7 | _aالقصص العربية |
| 942 |
_2ddc _cBK |
||
| 999 |
_c38665 _d38665 |
||